000 00720 a2200229 4500
003 OSt
005 20230831110423.0
008 230218s2013 mx ad||f |||| 00| 0 spa d
020 _a9786077077374 (Alfaomega )
020 _a9788426720733 (Marcombo )
040 _cCHAP
082 0 0 _222
_a005.54
_bM29
245 _aManual de Excel 2013 /
_cpor MEDIAactive
264 1 _aMéxico:
_aMarcombo:
_bAlfaomega:
_c2013.
300 _a444 páginas:
_bIlustraciones, cuadros, gráficas
500 _aIncluye ejercicios prácticos
504 _aIncluye índice
650 4 _9162210
_aProgramación de computadoras
650 4 _955866
_aHojas de cálculo electrónico
710 1 _9124449
_aMEDIAactive
942 _cLibro
_2ddc
999 _c218388
_d218388